000 02036cam a2200169 4500500
005 20260208013549.0
041 _afre
042 _adc
100 1 0 _aCrague, Gilles
_eauthor
245 0 0 _aLe travail industriel hors les murs
260 _c2005.
500 _a28
520 _aEntreprise-réseau, hollow corporation, entreprise éclatée, toutes ces appellations suggèrent l’émergence récente de nouvelles figures de l’entreprise. Cette transformation serait visible dans les lieux de l’entreprise, à travers les modes de localisation de l’activité professionnelle. Il s’agit alors d’examiner ce qui conduit des salariés à travailler en-dehors des locaux de l’entreprise (entreprises industrielles de 50 salariés et plus). La fonction du salarié joue un rôle prépondérant. On constate très généralement un relâchement du contrôle temporel du travail et de nouvelles modalités de travail collectif. Utiliser l’informatique dans le travail renforce le confinement dans les locaux de l’entreprise. C’est le téléphone qui constitue l’équipement caractéristique du travailleur mobile.
520 _aINDUSTRIAL LABOUR OUTSIDE THE FIRM Survey on new types of firm Network-firm, hollow corporation, fragmented firm: all these terms suggest the recent emergence of new types of firm. This transformation appears on site, in the modes of localization of business activities. In this article the author examines the reasons why employees work off the firm’s premises (industrial firms of 50 employees or more). Their position in the firm clearly plays a key part. Generally, we witness a slackening of control over work times and new modalities of collective work. While computer use in the working environment reinforces confinement to the firm’s premises, the telephone is characteristic of mobile workers’ equipment.
786 0 _nRéseaux | 134 | 6 | 2005-12-01 | p. 65-89 | 0751-7971
856 4 1 _uhttps://shs.cairn.info/revue-reseaux1-2005-6-page-65?lang=fr&redirect-ssocas=7080
999 _c1660375
_d1660375